Faculty of Law Library — Cairo University

Official Online Catalog

قانون الإجراءات الجزائرية فى دولة الإمارات العربية: (Record no. 59990)

MARC details
000 -LEADER
fixed length control field 01378nam a22003497a 4500
003 - CONTROL NUMBER IDENTIFIER
control field EG-GICUC
005 - DATE AND TIME OF LATEST TRANSACTION
control field 20260128172125.0
008 - FIXED-LENGTH DATA ELEMENTS--GENERAL INFORMATION
fixed length control field 260128s2010 ua ||||fr|||| 00| 0 ara d
017 ## - COPYRIGHT OR LEGAL DEPOSIT NUMBER
Copyright or legal deposit number 2010/22657
020 ## - INTERNATIONAL STANDARD BOOK NUMBER
International Standard Book Number 977179983
040 ## - CATALOGING SOURCE
Original cataloging agency EG-GICUC
Language of cataloging ara
Transcribing agency EG-GICUC
Modifying agency EG-GICUC
Description conventions rda
041 ## - LANGUAGE CODE
Language code of text/sound track or separate title ara
082 04 - DEWEY DECIMAL CLASSIFICATION NUMBER
Edition number 21
Classification number 343.30535
Item number ح س . ق
092 04 - LOCALLY ASSIGNED DEWEY CALL NUMBER (OCLC)
Edition number 21
099 ## - LOCAL FREE-TEXT CALL NUMBER (OCLC)
Classification number Law1 10 343.30535 2010
100 0# - MAIN ENTRY--PERSONAL NAME
Personal name حسنى الجندى
Relator term مؤلف.
245 ## - TITLE STATEMENT
Title قانون الإجراءات الجزائرية فى دولة الإمارات العربية:
Remainder of title معلقا عليه بأقوال الفقه وأحكام القضاء /
Statement of responsibility, etc. حسنى الجندى
264 ## - PRODUCTION, PUBLICATION, DISTRIBUTION, MANUFACTURE, AND COPYRIGHT NOTICE
Place of production, publication, distribution, manufacture القاهرة :
Name of producer, publisher, distributor, manufacturer دار النهضة العربية ,
Date of production, publication, distribution, manufacture, or copyright notice 2010.
300 ## - PHYSICAL DESCRIPTION
Extent 1445 صفحة;
Dimensions 24 سم
Other physical details إيضاحيات، صور، مثيليات ؛
336 ## - CONTENT TYPE
Source rda content
Content type term text
337 ## - MEDIA TYPE
Source rda media
Media type term Computer
338 ## - CARRIER TYPE
Source rda carrier
Carrier type term Online Resource
504 ## - BIBLIOGRAPHY, ETC. NOTE
Bibliography, etc. note . 240-220 ببليوجرافيا: صفحات.
505 ## - FORMATTED CONTENTS NOTE
Formatted contents note الجزء الثاني : المواد من 139 حتى 228.
546 ## - LANGUAGE NOTE
Language note النص باللغة العربية
650 1# - SUBJECT ADDED ENTRY--TOPICAL TERM
Topical term or geographic name entry element قانون جنائي
Source of heading or term qrmak
650 1# - SUBJECT ADDED ENTRY--TOPICAL TERM
Topical term or geographic name entry element قانون الإجراءات الجنائية
Source of heading or term qrmak
651 1# - SUBJECT ADDED ENTRY--GEOGRAPHIC NAME
Source of heading or term qrmak
856 40 - ELECTRONIC LOCATION AND ACCESS
Uniform Resource Identifier <a href="https://fll.law.cu.edu.eg/fulltext/bks/B10-05642.pdf">https://fll.law.cu.edu.eg/fulltext/bks/B10-05642.pdf</a>
905 ## - Cataloger and Reviser Names
Cataloger Name: Marwa
942 ## - ADDED ENTRY ELEMENTS (KOHA)
Source of classification or shelving scheme Dewey Decimal Classification
Koha item type Books
Edition 21
Suppress in OPAC No
Holdings
Withdrawn status Lost status Source of classification or shelving scheme Damaged status Not for loan Collection Home library Current library Date acquired Total checkouts Full call number Barcode Date last seen Copy number Price effective from Koha item type
    Dewey Decimal Classification   Not for loan القانون الجنائي جــــامعة القــاهرة مكتبة كلية الحقوق - المبنى الرئيسي 28.01.2026   Law1 10 343.30535 ح س . ق 2010 1005642 V2,C1 B10-05642 28.01.2026 1 28.01.2026 Books
    Dewey Decimal Classification     القانون الجنائي جــــامعة القــاهرة مكتبة كلية الحقوق - المبنى الرئيسي 28.01.2026   Law1 10 343.30535 ح س . ق 2010 1005643 V2,C2 B10-05643 28.01.2026 2 28.01.2026 Books

© All rights reserved — Faculty of Law, Cairo University